[Event "GER-chT North U16"]
[Site "Berlin"]
[Date "2012.09.06"]
[Round "2.4"]
[White "Buchallik, Jakob"]
[Black "Wesselly, Michael"]
[Result "1-0"]
[WhiteElo "1617"]
[BlackElo "848"]
[PlyCount "131"]
[EventDate "2012.09.06"]
[EventType "team-swiss"]
[EventRounds "7"]
[EventCountry "GER"]
[SourceTitle "EXT 2015"]
[Source "ChessBase"]
[SourceDate "2014.11.20"]
[SourceVersion "1"]
[SourceVersionDate "2014.11.20"]
[SourceQuality "1"]
[WhiteTeam "SV "]
[BlackTeam "Cothen Germania"]
[WhiteTeamCountry "GER"]
[BlackTeamCountry "GER"]

1. e4 e5 2. Nf3 Nc6 3. Bc4 Bc5 4. 0-0 Nf6 5. d3 h6 6. Be3 Bb6 7. c3 0-0 8. b4 d6 9. a4 a6 10. Nbd2 Be6 11. Qe2 Nh7 12. d4 exd4 13. Nxd4 Nxd4 14. cxd4 Ng5 15. d5 Bd7 16. f4 Bxe3+ 17. Qxe3 Nh7 18. Bb3 Nf6 19. Rae1 b5 20. a5 Re8 21. Qc3 Nh5 22. Bd1 Nf6 23. Bf3 Bg4 24. Qd3 Bxf3 25. Nxf3 Nh5 26. g3 Rf8 27. Nd4 Qd7 28. Nc6 f5 29. e5 g6 30. e6 Qh7 31. e7 Rfe8 32. Re6 Ng7 33. Rf6 Nh5 34. Re6 Ng7 35. Re2 Nh5 36. Qc2 Qf7 37. Rd1 Nf6 38. Qd3 Nh5 39. Qd4 Ng7 40. Rde1 Rac8 41. Nd8 Rexd8 42. exd8Q+ Rxd8 43. Re7 Qf8 44. Rxc7 Ra8 45. Ree7 Ne8 46. Rh7 Qf6 47. Qxf6 Nxf6 48. Rhg7+ Kh8 49. Rxg6 Nxd5 50. Rxh6+ Kg8 51. Rd7 Nxb4 52. Rdxd6 Rc8 53. Rdg6+ Kf8 54. Rh8+ Kf7 55. Rxc8 Kxg6 56. Kf2 Na2 57. Rc6+ Kf7 58. Rxa6 b4 59. Rb6 Nc1 60. a6 b3 61. a7 b2 62. a8Q Nd3+ 63. Ke2 Nc1+ 64. Kd2 Nb3+ 65. Kc3 b1Q 66. Qa7+ 1-0

[Event "Berlin Hellersdorf op"]
[Site "Berlin"]
[Date "2010.01.10"]
[Round "4"]
[White "Zur, Gerd"]
[Black "Buchallik, Jakob"]
[Result "0-1"]
[WhiteElo "1457"]
[BlackElo "1072"]
[PlyCount "92"]
[EventDate "2010.01.08"]
[EventType "swiss"]
[EventRounds "5"]
[EventCountry "GER"]
[SourceTitle "EXT 2012"]
[Source "ChessBase"]
[SourceDate "2011.11.24"]
[SourceVersion "1"]
[SourceVersionDate "2011.11.24"]
[SourceQuality "1"]

1. e4 e5 2. Nc3 Nf6 3. Nf3 Nc6 4. Bc4 Nxe4 5. Nxe4 d5 6. Nf6+ Qxf6 7. Bxd5 Bd7 8. Qe2 Bd6 9. d3 0-0 10. 0-0 Rfe8 11. Bg5 Qg6 12. Qe3 h6 13. Bh4 Rab8 14. Bg3 Nb4 15. Be4 f5 16. Nh4 Qf6 17. Nxf5 Bxf5 18. Qd2 Bxe4 19. dxe4 Rbd8 20. c3 Nc6 21. Qe1 Qe6 22. Kh1 Rf8 23. f3 Be7 24. Bf2 a6 25. Be3 Qg6 26. Rd1 Rxd1 27. Qxd1 Rd8 28. Qb3+ Kh7 29. Qxb7 Rb8 30. Qxc7 Rxb2 31. g4 Rxa2 32. Rg1 Qf6 33. Rg3 Ra1+ 34. Kg2 Ra2+ 35. Kg1 Rc2 36. g5 Qe6 37. gxh6 gxh6 38. Rg2 Rxc3 39. Qb6 Rb3 40. Qxa6 Rxe3 41. Kf2 Ra3 42. Qb5 Bh4+ 43. Rg3 Bxg3+ 44. Kxg3 Qg6+ 45. Kf2 Ra2+ 46. Ke3 Qg1+ 0-1